Statistics for 20 Biggest Cities in Kansas

Click here to take the quiz!

General Stats

  • This quiz has been taken 21 times
  • The average score is 11 of 20

Answer Stats

PopulationAnswer% Correct
124,099Topeka
100%
395,218Wichita
100%
150,457Kansas City
95%
149,994Olathe
89%
197,984Overland Park
89%
26,968Dodge City
74%
52,675Manhattan
74%
96,638Lawrence
68%
39,657Hutchinson
53%
45,685Salina
53%
72,260Shawnee
53%
21,730Junction City
42%
58,791Lenexa
42%
26,885Garden City
37%
23,837Emporia
32%
36,921Leavenworth
32%
26,263Derby
16%
22,925Prairie Village
16%
24,622Gardner
11%
33,537Leawood
11%

Score Distribution

Percentile by Number Answered

Percent of People with Each Score

Your Score History

You have not taken this quiz